000 00332nam a22001457a 4500
008 210429b ||||| |||| 00| 0 eng d
020 _a2900312594342
041 _aeng
080 _a82
082 _a82
100 _a21
101 _aGJL
245 _aThe Compact Bedford Introduction to Literature
_cMeyer,M
942 _2udc
_cBK
999 _c56948
_d56948